000 02289cam a22004694i 4500
003 PE-LiUPU
005 20250731172814.0
008 150617s1979 sp a rb 000 0 spa d
020 _a8470572636
035 _a(Sirsi) i9788470572630
040 _aPE-LiUPU
_bspa
_cPE-LiUPU
_erda
049 _aPRUA
082 0 4 _a225.9
_bD32
_221
100 1 _aDavies, W. D.,
_eautor.
245 1 0 _aAproximación al nuevo testamento :
_bguía para una lectura ilustrada y creyente /
_cW. D. Davies.
264 1 _aMadrid :
_bCristiandad,
_c1979.
300 _a478 páginas :
_bilustraciones ;
_c21 centímetros
336 _atext
_2rdacontent
337 _aunmediated
_2rdamedia
338 _avolume
_2rdacarrier
504 _aIncluye bibliografía.
505 0 _aDos testamentos : una Biblia -- El mundo grecorromano como trasfondo -- El judaísmo del siglo I como trasfondo -- El evangelio como gloria de Dios -- La primitiva predicación cristiana -- La historicidad de Jesús -- Los tres primeros evangelios -- Los evangelios -- Las fuentes de los evangelios -- Las historias de las formas -- Fuerza y flaqueza de la historia de las formas -- Nuevos aspectos de la crítica de los evangelios -- Hacia el entendimiento de los sinópticos : el nuevo orden -- El evangelio del reino de Dios -- El cumplimiento de las escrituras -- El instaurados del reino -- Las exigencias del reino -- El evangelio de Marcos -- El evangelio de Mateo -- El evangelio de Lucas -- Pablo -- Las fuentes -- El trasfondo de Pablo -- En el camino a Damasco.
526 _aSEG42
526 _aSEG41
526 _aSEG40
526 _aSEG39
526 _aP94
526 _aP87
526 _aP86
526 _aP85
526 _aP77
526 _aP76
526 _aP35
630 0 4 _aBiblia.
_pN.T.
_xIntroducciones.
910 _ajck
_bjvq
_cjck
_d20150616
942 _2ddc
_cBOOK
949 _a225.9 D32
_wDEWEY
_c1
_i20145
_lCCODEBUL1
_mBUL
_r0
_sY
_tBOOK
_u2015-6-17
_xTEOLOGIA
_PP35
_0COMPRA
_o.STAFF. Colección Teología
994 _aC0
_bPEPRU
596 _a1
999 _a225.9 D32
_wDEWEY
_c4176
_i20145
_d4176
_f2021-11-9
_g5
_lCCODEBUL1
_mBUL
_p20.00
_q1
_r0
_sY
_tBOOK
_u2015-6-17
_xTEOLOGIA
_PP35
_0COMPRA
_o.STAFF. Colección Teología
980 _81
_gALBERTO SANCHEZ Responsable de Automatización